| 000 | 00543nam a2200193Ia 4500 | ||
|---|---|---|---|
| 005 | 20250508160638.0 | ||
| 008 | 008 250505s9999 xx 000 0 eng d | ||
| 037 | _aTextual | ||
| 040 |
_aFEDL _beng _cFEDL |
||
| 041 |
_aeng _2eng |
||
| 084 |
_a371.3, HOW _qFEDL |
||
| 100 |
_aHoward Alvin W _9769012 |
||
| 245 | 0 | _aTeaching in middle schools | |
| 260 |
_aScrahton _bInternational Textbook Company _c1968 |
||
| 300 | _axiii,161p. | ||
| 650 | _aTeaching Technique | ||
| 942 |
_cTEXL _h371.3, HOW |
||
| 999 |
_c1365804 _d1365804 |
||